| 000 | 00427cam a2200169ua 4500 | ||
|---|---|---|---|
| 001 | 11530 | ||
| 008 | 191009n ii |||gr||||Z||||||asm | ||
| 040 | _cMAIN | ||
| 082 | _a394.3 | ||
| 100 |
_aJagannath Mahanta, _eAuthor., |
||
| 245 |
_aSatriya nrittya gita badyar hatputhi _cBy Jagannath Mahanta |
||
| 250 | _a2nd ed. | ||
| 260 |
_aJorhat: _bPanchangi, _c2018. |
||
| 300 | _a350p. | ||
| 653 | _aGeneral customs | ||
| 942 | _cBK | ||
| 999 |
_c10350 _d10350 |
||